000 00422nam a2200181Ia 4500
001 15587
005 20260306170207.0
008 260306t2008||||xx |||||||||||||| ||und||
041 _aESP
082 _a547
_bY987
100 _aYurkanis Bruice, Paula
_eAUT
245 0 _aQuímica orgánica
260 _c2008
300 _axl, 1319 páginas :
_c27 cm.
650 _aGEN
654 _aCCN
942 _cLIB
_dJUS
_fJUS
_2ddc
_n
999 _c15587
_d15587